000
00318 a2200133 4500
000
nam a22 7a 4500
100
_a
Parmar
110
_a
Parmar
245
_a
Prachin bharat naveen sarvekshan evam anusndhan
250
_a
Latest edition
260
_b
Paradise
_c
2026
264
_b
Paradise
_c
2026
942
_c
BK
999
_c
394924
_d
394924